Wakolda

Patagonia, 1960. Un físico alemán conoce a una familia argentina en la larga ruta que lleva a Bariloche en donde Eva, Enzo y sus tres niños se disponen a abrir una hostal a orillas del lago Nahuel Huapi. Esta familia modelo aviva su obsesión por la pureza y la perfección, en particular Lilith, una n...

Descripción completa

Guardado en:
Autor Principal: Puenzo, Lucía.
Autor Corporativo: Historias Cinematográficas.
Otros Autores: Oreiro, Natalia; Reparto., Peretti, Diego; Reparto., Brendemühl, Àlex; Reparto., Roger, Elena; Reparto., Bado, Florencia; Reparto.
Formato: Deslizar
Idioma:Undetermined
Publicado: Argentina : Distribution Company, 2013.
Materias:
Etiquetas: Agregar Etiqueta
Sin Etiquetas, Sea el primero en etiquetar este registro!
LEADER 01505ngm a22002535a 4500
001 CEM.cems020918
008 240313s2013####xx#---############vlund#d
005 20240313201638.0
245 1 0 |a Wakolda  |h [videograbación] /  |c Lucía Puenzo. 
260 |a Argentina :  |b Distribution Company,  |c 2013. 
300 |a 90'. 
520 |a Patagonia, 1960. Un físico alemán conoce a una familia argentina en la larga ruta que lleva a Bariloche en donde Eva, Enzo y sus tres niños se disponen a abrir una hostal a orillas del lago Nahuel Huapi. Esta familia modelo aviva su obsesión por la pureza y la perfección, en particular Lilith, una niña de 12 años, demasiado pequeña para su edad. Sin conocer su verdadera identidad, aceptan al físico como su primer huésped. Poco a poco se dejan seducir por el carisma de este hombre, la elegancia de sus modales, su saber y su dinero, hasta que descubren que viven con uno de los criminales más grandes de todos los tiempos. 
538 |a Soporte: DVD -- Formato: AVI – Peso: 701mb -- Resolución: 620 x 272 -- 25fps 
590 |a Identificación anterior: 359 
100 1 |a Puenzo, Lucía. 
700 1 |a Oreiro, Natalia; Reparto. 
700 1 |a Peretti, Diego; Reparto. 
700 1 |a Brendemühl, Àlex; Reparto. 
700 1 |a Roger, Elena; Reparto. 
700 1 |a Bado, Florencia; Reparto. 
710 2 |a Historias Cinematográficas. 
653 |a LARGOMETRAJE 
653 |a FICCIÓN 
859 |a CEMS  |b BIB. CEMS - Depto. Recursos Didacticos  |h 778.5  |i PUE-2  |k DRD  |p 3298.24  |t Ej.1